[Event "Dutch Open 2023"]
[Site "Dieren, Netherlands"]
[Date "????.??.??"]
[Round "6.22"]
[White "Binnendijk, Ferdinand"]
[Black "Markus, John Raymond"]
[Result "1-0"]
[WhiteElo "2112"]
[BlackElo "2001"]
[PlyCount "115"]

1. d4 d6 2. e4 g6 3. f4 Bg7 4. Nf3 a6 5. Bd3 Nd7 6. c3 c5 7. Nbd2 Qc7 8. a4 e6
9. O-O Ne7 10. a5 O-O 11. Qa4 d5 12. e5 Nc6 13. Rf2 c4 14. Bb1 f6 15. exf6 Bxf6
16. Nf1 Be7 17. Be3 Bd6 18. Ne5 Ndxe5 19. dxe5 Be7 20. Bb6 Qb8 21. Qd1 Bd7 22.
Qg4 Qe8 23. h4 Kh8 24. Bc2 Rc8 25. Re1 Bd8 26. Bc5 Rg8 27. Rd2 Nxa5 28. Bd6 Be7
29. Bxe7 Qxe7 30. Nh2 Nc6 31. Qg3 h5 32. Nf3 Qg7 33. Ng5 Ne7 34. Qf2 Rc6 35.
Qf3 Rb6 36. Bb1 Rf8 37. g4 hxg4 38. Qxg4 Nf5 39. Bxf5 Rxf5 40. Kh2 Kg8 41. Kg3
Qh6 42. Qe2 Rc6 43. Rh1 Qh5 44. Qe3 b6 45. Ne4 dxe4 46. Rxd7 Qf3+ 47. Qxf3 exf3
48. Kxf3 Rf7 49. Rhd1 Rc5 50. Kg4 b5 51. Rxf7 Kxf7 52. Rd7+ Kf8 53. Rd2 Rd5 54.
Rxd5 exd5 55. Kf3 Ke7 56. f5 gxf5 57. h5 b4 58. h6 1-0